000 00277nam a22001217a 4500
008 180924b xxu||||| |||| 00| 0 eng d
041 _aeng
080 _a621
100 _a27
101 _aMEK
245 _aHandbook of Concrete Culvert Pipe Hydraulics
_cPCA
942 _2udc
_cBK
999 _c48389
_d48389